Фрагменты теории реального вещества как систем с химическим хаосом ( от углеводородных веществ к галактикам)

Bibliografiske detaljer
Hovedforfatter: Доломатов М. Ю. Михаил Юрьевич
Summary:В теории, развиваемой автором, предложен статистический взгляд на вещество как совокупность многокомпонентных систем с хаосом химического состава. Обобщены закономерности термодинамики, макрокинетики и спектроскопии таких систем. Дана особая трактовка роли энтропии как источнике разнообразия и генезиса сложного вещества. Приведены многочисленные примеры применения теории к сложным космическим, природным и техногенным системам: межзвездным молекулярным облакам, углеводородным, нефтяным, гумусовым , геохимическим системам и т.д. Построены статистические математические модели распределения состава земного и космического вещества. Рассмотрены конкретные приложения к решению практических задач химической технологии, физики и нефтехимии. Книга рассчитана на широкий круг специалистов по физической химии, химической технологии, нефтехимии, физике конденсированного состояния, почвоведению, медицине, геологии. Материалы книги могут использоваться в учебном процессе студентами и аспирантами различных специальностей.
Sprog:russisk
Udgivet: Москва, Недра, 2025
Udgivelse:2-е изд. перераб., и доп.
Fag:
Format: Bog
KOHA link:https://koha.lib.tpu.ru/cgi-bin/koha/opac-detail.pl?biblionumber=681324

MARC

LEADER 00000nam0a2200000 4500
001 681324
005 20250930141502.0
010 |a 978-5-8365-0533-2 
090 |a 681324 
100 |a 20250821d2025 km|y0rusy50 ca 
101 0 |a rus 
102 |a RU 
105 |a a z 001yy 
181 0 |a i   |b  e  
182 0 |a n 
183 0 |a nc  |2 RDAcarrier 
200 1 |a Фрагменты теории реального вещества как систем с химическим хаосом ( от углеводородных веществ к галактикам)  |f  М. Ю. Доломатов 
203 |a Текст  |b визуальный  |c непосредственный 
205 |a 2-е изд. перераб., и доп. 
210 |a Москва  |c Недра  |d 2025 
215 |a 355 с.  |c ил. 
283 |a volume  |2 RDAcarrier 
320 |a Литература: с. 303-329 
330 |a В теории, развиваемой автором, предложен статистический взгляд на вещество как совокупность многокомпонентных систем с хаосом химического состава. Обобщены закономерности термодинамики, макрокинетики и спектроскопии таких систем. Дана особая трактовка роли энтропии как источнике разнообразия и генезиса сложного вещества. Приведены многочисленные примеры применения теории к сложным космическим, природным и техногенным системам: межзвездным молекулярным облакам, углеводородным, нефтяным, гумусовым , геохимическим системам и т.д. Построены статистические математические модели распределения состава земного и космического вещества. Рассмотрены конкретные приложения к решению практических задач химической технологии, физики и нефтехимии. Книга рассчитана на широкий круг специалистов по физической химии, химической технологии, нефтехимии, физике конденсированного состояния, почвоведению, медицине, геологии. Материалы книги могут использоваться в учебном процессе студентами и аспирантами различных специальностей. 
606 |a Квантовая теория многих тел  |9 40677 
606 |a Многокомпонентные системы  |x Фазовое равновесие  |9 84863 
610 1 |a физическая химия 
610 1 |a сложные системы 
610 1 |a атомизм 
610 1 |a многокомпонентные системы с хаосом химического состава 
610 1 |a термодинамика 
610 1 |a макрокинетика 
610 1 |a физико-химические явления 
610 1 |a термодинамическое равновесие 
610 1 |a динамика 
610 1 |a реакционная способность 
610 1 |a вероятно-статистические модели 
610 1 |a молекулярный состав 
610 1 |a межзвездная среда 
610 1 |a космогенез 
675 |a 530.145.6  |v 4 
675 |a 544.344.9  |v 4 
700 1 |a Доломатов  |b М. Ю.  |g Михаил Юрьевич 
801 0 |a RU  |b 63413507  |c 20250822 
942 |c BK